Guia prático de verbos com preposições / (Record no. 3021)

MARC details
000 -LEADER
fixed length control field 01641cam a2200409Ma 4500
001 - CONTROL NUMBER
control field ocn827833300
003 - CONTROL NUMBER IDENTIFIER
control field TZ-ArACH
005 - DATE AND TIME OF LATEST TRANSACTION
control field 20150408125224.0
008 - FIXED-LENGTH DATA ELEMENTS--GENERAL INFORMATION
fixed length control field 130130s2011 po d 000 0 por d
020 ## - INTERNATIONAL STANDARD BOOK NUMBER
International Standard Book Number 9789727577965
020 ## - INTERNATIONAL STANDARD BOOK NUMBER
International Standard Book Number 9727577962
035 ## - SYSTEM CONTROL NUMBER
System control number (OCoLC)827833300
040 ## - CATALOGING SOURCE
Original cataloging agency QCL
Transcribing agency TZ-ArACH
Modifying agency OCLCO
-- OCLCF
-- OCLCO
-- RDF
-- BEDGE
041 ## - LANGUAGE CODE
Language code of text/sound track or separate title Portuguese
049 ## - LOCAL HOLDINGS (OCLC)
Holding library TZAA
050 ## - LIBRARY OF CONGRESS CALL NUMBER
Classification number PC5145
Item number .V46
082 #4 - DEWEY DECIMAL CLASSIFICATION NUMBER
Classification number 469.31
100 1# - MAIN ENTRY--PERSONAL NAME
Personal name Ventura, Maria Helena.
9 (RLIN) 15190
245 10 - TITLE STATEMENT
Title Guia prático de verbos com preposições /
Statement of responsibility, etc autores, Helena Ventura, Manuela Caseiro.
250 ## - EDITION STATEMENT
Edition statement 3.{u00AA} edição /
Remainder of edition statement edição atualizada e aumentada.
260 ## - PUBLICATION, DISTRIBUTION, ETC. (IMPRINT)
Place of publication, distribution, etc Lisboa :
Name of publisher, distributor, etc LIDEL Edições Técnicas,
Date of publication, distribution, etc 2011.
300 ## - PHYSICAL DESCRIPTION
Extent 118 p. ;
Dimensions 18 cm.
650 #0 - SUBJECT ADDED ENTRY--TOPICAL TERM
Topical term or geographic name as entry element Portuguese language
General subdivision Verb
Form subdivision Dictionaries.
9 (RLIN) 15191
650 #0 - SUBJECT ADDED ENTRY--TOPICAL TERM
Topical term or geographic name as entry element Portuguese language
General subdivision Prepositions
Form subdivision Dictionaries.
9 (RLIN) 15192
650 #0 - SUBJECT ADDED ENTRY--TOPICAL TERM
Topical term or geographic name as entry element Portuguese language
General subdivision Usage
Form subdivision Dictionaries.
9 (RLIN) 15193
650 #7 - SUBJECT ADDED ENTRY--TOPICAL TERM
Topical term or geographic name as entry element Portuguese language
General subdivision Prepositions.
Source of heading or term fast
9 (RLIN) 15194
650 #7 - SUBJECT ADDED ENTRY--TOPICAL TERM
Topical term or geographic name as entry element Portuguese language
General subdivision Usage.
Source of heading or term fast
9 (RLIN) 15195
650 #7 - SUBJECT ADDED ENTRY--TOPICAL TERM
Topical term or geographic name as entry element Portuguese language
General subdivision Verb.
Source of heading or term fast
9 (RLIN) 15196
650 #7 - SUBJECT ADDED ENTRY--TOPICAL TERM
Topical term or geographic name as entry element Enseignement des langues.
Source of heading or term eclas
9 (RLIN) 15197
650 #7 - SUBJECT ADDED ENTRY--TOPICAL TERM
Topical term or geographic name as entry element Grammaire.
Source of heading or term eclas
9 (RLIN) 15198
650 #7 - SUBJECT ADDED ENTRY--TOPICAL TERM
Topical term or geographic name as entry element Formation.
Source of heading or term eclas
9 (RLIN) 15199
655 #7 - INDEX TERM--GENRE/FORM
Genre/form data or focus term Dictionaries.
Source of term fast
9 (RLIN) 15200
700 1# - ADDED ENTRY--PERSONAL NAME
Personal name Caseiro, Manuela.
9 (RLIN) 15201
942 ## - ADDED ENTRY ELEMENTS (KOHA)
Source of classification or shelving scheme Library of Congress Classification
Koha item type Books
Holdings
Home library Current library Shelving location Date acquired Full call number Barcode Koha item type
African Court on Human and Peoples' Rights Library African Court on Human and Peoples' Rights Library   08/04/2015 PC5145 .V46 10236066 Books
African Court on Human and Peoples' Rights Library African Court on Human and Peoples' Rights Library   08/04/2015 PC5145 .V46 10236074 Books

African Court on Human and Peoples' Rights | For Inquiries Contact » +255 272 510 510